[Event "Cto por Equipos de Aragon  Preferente I "]
[Site "?"]
[Date "2026.01.31"]
[Round "2.46"]
[White "Lopez Guaita, Fernando"]
[Black "Zazuliak, Kostiantyn"]
[Result "0-1"]
[WhiteElo "1899"]
[BlackElo "1918"]
[PlyCount "112"]
[GameId "2276814096725769"]
[EventDate "2026.01.24"]
[WhiteTeam "Utebo San Lamberto"]
[BlackTeam "Jaque - Aramovil B"]

1. e4 d6 2. Nf3 Nf6 3. d3 e5 4. g3 g6 5. Bg2 Bg7 6. O-O O-O 7. c3 c6 8. Qc2 h6 9. Re1 Be6 10. a4 Nh5 11. d4 Qc8 12. Be3 Bh3 13. Nbd2 Bxg2 14. Kxg2 Qe6 15. dxe5 dxe5 16. Qb3 Qxb3 17. Nxb3 f5 18. Rad1 f4 19. Bc5 Re8 20. Nh4 Kf7 21. Rd6 Bf6 22. Kh3 b6 23. Ba3 Ng7 24. Rd3 Ne6 25. Nf3 h5 26. Bd6 Nd7 27. Bc7 Ndc5 28. Nxc5 Nxc5 29. Rd6 fxg3 30. fxg3 Re6 31. a5 Rxd6 32. Bxd6 Nd3 33. axb6 axb6 34. Rf1 Ke6 35. Ba3 c5 36. Kg2 b5 37. Rd1 Rd8 38. Kf1 b4 39. cxb4 cxb4 40. Ke2 bxa3 41. bxa3 Nc5 42. Rxd8 Bxd8 43. Ke3 Bb6 44. h3 Nb3+ 45. Kd3 Nd4 46. Nd2 Kf6 47. a4 Kg5 48. Kc4 Ba5 49. Nf1 h4 50. Kd5 Nf3 51. gxh4+ Kxh4 52. Ne3 Kxh3 53. Nc4 Bc3 54. a5 Bxa5 55. Nxa5 g5 56. Nc4 g4 0-1

[Event "Cto por Equipos de Aragon  Preferente I "]
[Site "?"]
[Date "2026.01.31"]
[Round "2.47"]
[White "Oliva Tarancon, Guillermo"]
[Black "Moursy Sadek, Tarek"]
[Result "1/2-1/2"]
[WhiteElo "1735"]
[BlackElo "1868"]
[PlyCount "54"]
[GameId "2276814096733962"]
[EventDate "2026.01.24"]
[WhiteTeam "Jaque - Aramovil B"]
[BlackTeam "Utebo San Lamberto"]

1. e4 c5 2. Nf3 d6 3. d4 cxd4 4. Nxd4 Nc6 5. Nc3 g6 6. Bc4 Nf6 7. O-O Bg7 8. Be3 Ng4 9. Nxc6 bxc6 10. Bf4 O-O 11. h3 Ne5 12. Qe2 Nxc4 13. Qxc4 Qb6 14. Qb3 Be6 15. Qxb6 axb6 16. a4 Ra6 17. Ra3 Bxc3 18. Rxc3 Rxa4 19. Rxc6 Rxe4 20. Be3 b5 21. b3 Rc8 22. Rxc8+ Bxc8 23. Ra1 Kg7 24. Ra8 Bd7 25. Rd8 Bc6 26. Rc8 Bd7 27. Rd8 Bc6 1/2-1/2

[Event "Cto por Equipos de Aragon  Preferente I "]
[Site "?"]
[Date "2026.01.31"]
[Round "2.48"]
[White "Escudero Martin, Jose Antonio"]
[Black "Vizcarra Susin, Sergio"]
[Result "0-1"]
[WhiteElo "1835"]
[BlackElo "1724"]
[PlyCount "118"]
[GameId "2276814096738059"]
[EventDate "2026.01.24"]
[WhiteTeam "Utebo San Lamberto"]
[BlackTeam "Jaque - Aramovil B"]

1. e4 e5 2. Nf3 Nc6 3. d3 Nf6 4. g3 d6 5. h3 Be7 6. Bg2 h6 7. O-O O-O 8. Be3 d5 9. Nh2 dxe4 10. dxe4 Qxd1 11. Rxd1 Bd6 12. c3 Re8 13. a4 Be6 14. Nd2 Na5 15. b4 Nc4 16. Nxc4 Bxc4 17. Nf1 a5 18. Nd2 Bd3 19. b5 Rad8 20. f3 Nd7 21. Nb3 Bc2 22. Nxa5 Bc5 23. Re1 Bxe3+ 24. Rxe3 Nc5 25. Re2 Rd1+ 26. Rxd1 Bxd1 27. Ra2 Ra8 28. Nc4 Rxa4 29. Rxa4 Nxa4 30. Nxe5 Nxc3 31. Bf1 f6 32. Bc4+ Kf8 33. Ng6+ Ke8 34. Nh4 Ba4 35. b6 cxb6 36. Nf5 b5 37. Nxg7+ Kf8 38. Ne6+ Ke7 39. Bd5 Nxd5 40. exd5 Bb3 41. Kf2 Bxd5 42. Nd4 b4 43. Ke3 h5 44. g4 hxg4 45. fxg4 Kd6 46. h4 b3 47. Kd2 Ke5 48. Ne2 Bf3 49. Nc1 b2 50. Nd3+ Kd4 51. Nxb2 Bxg4 52. Nd3 b5 53. Nf4 Ke4 54. Nd3 f5 55. Kc3 f4 56. Nf2+ Kf3 57. Nd3 Kg3 58. Kb4 Be2 59. Ne1 Kxh4 0-1

[Event "Cto por Equipos de Aragon  Preferente I "]
[Site "?"]
[Date "2026.01.31"]
[Round "2.49"]
[White "Ramon Perez, Jose Luis"]
[Black "Salamero Pelay, Fernando"]
[Result "1-0"]
[WhiteElo "2137"]
[BlackElo "2087"]
[PlyCount "61"]
[GameId "2276814096746252"]
[EventDate "2026.01.24"]
[WhiteTeam "Fraga"]
[BlackTeam "Atletismo Huesca"]

1. e4 g6 2. d4 Bg7 3. Nc3 d6 4. Be3 a6 5. a4 b6 6. g3 Bb7 7. Bg2 e6 8. Nge2 Ne7 9. O-O O-O 10. Qd2 Nd7 11. Rad1 d5 12. Bh6 Nf6 13. Bxg7 Kxg7 14. e5 Nd7 15. h4 c5 16. Nf4 cxd4 17. Nce2 Nf5 18. Nxd4 Nxd4 19. Qxd4 Rc8 20. Rfe1 Rc4 21. Qd2 Qc7 22. c3 h5 23. b3 Rxc3 24. Nxh5+ gxh5 25. Qg5+ Kh7 26. Qxh5+ Kg7 27. Qg5+ Kh7 28. Rd4 Rg8 29. Qh5+ Kg7 30. Rg4+ Kf8 31. Qh6+ 1-0

[Event "Cto por Equipos de Aragon  Preferente I "]
[Site "?"]
[Date "2026.01.31"]
[Round "2.50"]
[White "Bellosta Lopez, Pablo"]
[Black "Vallverdu Miret, Oscar"]
[Result "1/2-1/2"]
[WhiteElo "1999"]
[BlackElo "2031"]
[PlyCount "55"]
[GameId "2276814096754445"]
[EventDate "2026.01.24"]
[WhiteTeam "Atletismo Huesca"]
[BlackTeam "Fraga"]

1. e4 Nf6 2. e5 Nd5 3. Nc3 Nb6 4. a4 a5 5. f4 d6 6. Nf3 g6 7. d4 Bg7 8. Be3 Nc6 9. Bb5 O-O 10. Ne4 Nb4 11. c3 Bf5 12. Nfd2 c6 13. Bf1 N4d5 14. Qf3 Nxe3 15. Qxe3 Nd5 16. Qf3 dxe5 17. fxe5 f6 18. exf6 exf6 19. Ng3 Re8+ 20. Be2 Re3 21. Qf2 Bd3 22. O-O Bxe2 23. Nxe2 Bh6 24. Kh1 Qe7 25. Ng1 Re8 26. Nc4 Re6 27. Qg3 Ne3 28. Nxe3 1/2-1/2

[Event "Cto por Equipos de Aragon  Preferente I "]
[Site "?"]
[Date "2026.01.31"]
[Round "2.51"]
[White "Aribau Rivas, Miguel Angel"]
[Black "Gella Bitrian, Diego"]
[Result "1-0"]
[WhiteElo "1999"]
[BlackElo "1975"]
[PlyCount "71"]
[GameId "2276814096758542"]
[EventDate "2026.01.24"]
[WhiteTeam "Fraga"]
[BlackTeam "Atletismo Huesca"]

1. e4 c5 2. Nc3 e6 3. f4 d5 4. g3 d4 5. Nb1 Nf6 6. d3 Nc6 7. Nf3 Be7 8. Bg2 O-O 9. O-O Qc7 10. a4 Rb8 11. Na3 a6 12. Bd2 b5 13. h3 Rd8 14. Qe1 Nb4 15. Ne5 Ne8 16. g4 f6 17. Nf3 bxa4 18. e5 fxe5 19. Nxe5 Nd6 20. c3 dxc3 21. bxc3 Nd5 22. f5 Bb7 23. fxe6 Nf6 24. Bxb7 Qxb7 25. c4 Qc8 26. Nc2 Rb2 27. Ne3 Qxe6 28. Bc3 Rb3 29. Rxa4 Nf7 30. Nxf7 Qxf7 31. Nd5 Bd6 32. Rxa6 Qb7 33. Bxf6 gxf6 34. Qe6+ Kh8 35. Qxf6+ Kg8 36. Qxd8+ 1-0

[Event "Cto por Equipos de Aragon  Preferente I "]
[Site "?"]
[Date "2026.01.31"]
[Round "2.52"]
[White "Molina Cubero-Luna, German"]
[Black "Casas Chine, German"]
[Result "1/2-1/2"]
[WhiteElo "1927"]
[BlackElo "1885"]
[PlyCount "119"]
[GameId "2276814096766735"]
[EventDate "2026.01.24"]
[WhiteTeam "Atletismo Huesca"]
[BlackTeam "Fraga"]

1. d4 Nf6 2. Bf4 g6 3. Nc3 Bg7 4. e4 d6 5. Qd2 O-O 6. O-O-O c6 7. f3 b5 8. Bh6 a5 9. h4 Re8 10. Bxg7 Kxg7 11. h5 Rh8 12. h6+ Kf8 13. Qg5 a4 14. e5 Ne8 15. exd6 Nxd6 16. Ne4 f6 17. Qf4 b4 18. Nxd6 Qxd6 19. Qxd6 exd6 20. Nh3 Be6 21. a3 bxa3 22. bxa3 Nd7 23. Nf4 Bf7 24. d5 c5 25. Bb5 Ne5 26. Rhe1 g5 27. Nd3 Be8 28. Bxe8 Kxe8 29. f4 gxf4 30. Nxf4 Kf7 31. Nh5 Kg6 32. Ng7 Rhd8 33. Rf1 Ng4 34. Rf4 Nxh6 35. Ne6 Rg8 36. Rdf1 f5 37. Rh4 Ng4 38. Nf4+ Kg7 39. Rh5 Kf6 40. Ne6 Ne3 41. Rf3 Nxd5 42. Rfxf5+ Kxe6 43. Rxd5 Rxg2 44. Rd3 Rh8 45. Rh4 h5 46. Rxa4 h4 47. Rh3 Rg3 48. Rhxh4 Rxh4 49. Rxh4 Rxa3 50. Kd2 Rf3 51. Rh5 Kd7 52. c4 Kc6 53. Rd5 Rg3 54. Kc2 Re3 55. Rh5 Re5 56. Rh6 Rg5 57. Kc3 Rg3+ 58. Kc2 Rg4 59. Kc3 Rd4 60. Rh5 1/2-1/2

[Event "Ctopor Equipos de Aragon  Preferente II "]
[Site "?"]
[Date "2026.01.31"]
[Round "2.53"]
[White "Latorre Abad, Fernando"]
[Black "Barros Gutierrez, Angel Luis"]
[Result "1-0"]
[WhiteElo "2066"]
[BlackElo "2003"]
[PlyCount "77"]
[GameId "2276814096774928"]
[EventDate "2026.01.24"]
[WhiteTeam "ONCE C A Aragon Delicias B"]
[BlackTeam "Agrupacion B"]

1. e4 c5 2. Nc3 Nc6 3. Bb5 Nd4 4. Nf3 Nxb5 5. Nxb5 d5 6. exd5 a6 7. Nc3 Nf6 8. O-O Nxd5 9. Ne4 e6 10. d4 cxd4 11. Qxd4 Nf6 12. Qxd8+ Kxd8 13. Rd1+ Ke8 14. Bg5 Nd7 15. Nd6+ Bxd6 16. Rxd6 f6 17. Be3 e5 18. Rad1 Rf8 19. Nd2 Rf7 20. Nc4 Re7 21. R6d5 Kf7 22. Nd6+ Ke6 23. Nxc8 Rxc8 24. Rd6+ Kf7 25. Rxd7 Rxc2 26. Rxe7+ Kxe7 27. Rb1 f5 28. g3 Kf6 29. h4 h6 30. h5 Rc4 31. Rc1 Rb4 32. Rc2 f4 33. Bc5 Re4 34. Kg2 fxg3 35. fxg3 Kg5 36. Kf3 Re1 37. Re2 Rxe2 38. Kxe2 Kxh5 39. Bd6 1-0

[Event "Ctopor Equipos de Aragon  Preferente II "]
[Site "?"]
[Date "2026.01.31"]
[Round "2.54"]
[White "Carruez Berges, Santiago"]
[Black "Fuertes Garay, Javier"]
[Result "0-1"]
[WhiteElo "1922"]
[BlackElo "1993"]
[PlyCount "54"]
[GameId "2276814096783121"]
[EventDate "2026.01.24"]
[WhiteTeam "Agrupacion B"]
[BlackTeam "ONCE C A Aragon Delicias B"]

1. e4 e5 2. Nf3 Nc6 3. Bb5 a6 4. Ba4 Nf6 5. d3 b5 6. Bb3 Be7 7. O-O d6 8. c3 O-O 9. h3 Na5 10. Bc2 c5 11. Re1 Qc7 12. Nbd2 Bd7 13. Nf1 Rfe8 14. Ng3 Rac8 15. Bd2 Nc6 16. Rc1 h6 17. Qe2 Be6 18. Bb3 Qd7 19. Bxe6 Qxe6 20. c4 Nd7 21. Nf5 Bf6 22. Be3 Nd4 23. Bxd4 exd4 24. Qd2 Ne5 25. Nxe5 dxe5 26. g3 b4 27. h4 h5 0-1

[Event "Ctopor Equipos de Aragon  Preferente II "]
[Site "?"]
[Date "2026.01.31"]
[Round "2.55"]
[White "Garcia Lopez, Alberto Jose"]
[Black "Larrosa Poves, Jose Manuel"]
[Result "1/2-1/2"]
[WhiteElo "1901"]
[BlackElo "1917"]
[PlyCount "53"]
[GameId "2276814096787218"]
[EventDate "2026.01.24"]
[WhiteTeam "ONCE C A Aragon Delicias B"]
[BlackTeam "Agrupacion B"]

1. g3 Nf6 2. Bg2 d5 3. c4 c6 4. cxd5 cxd5 5. d4 Nc6 6. Nc3 a6 7. Bg5 e6 8. e4 dxe4 9. Nge2 Be7 10. Rc1 h6 11. Bxf6 Bxf6 12. Nxe4 Be7 13. O-O O-O 14. Nc5 Bxc5 15. dxc5 e5 16. Qb3 Qc7 17. Rfd1 Be6 18. Qa4 Rad8 19. Bxc6 Qxc6 20. Qxc6 bxc6 21. Rd6 Rxd6 22. cxd6 Bd5 23. Nc3 Bf3 24. Re1 Rd8 25. Re3 e4 26. Nxe4 Bxe4 27. Rxe4 1/2-1/2

[Event "Ctopor Equipos de Aragon  Preferente II "]
[Site "?"]
[Date "2026.01.31"]
[Round "2.56"]
[White "Guerra Perez, Rafael"]
[Black "Garicano Jaen, Pablo"]
[Result "1-0"]
[WhiteElo "1896"]
[BlackElo "1782"]
[PlyCount "51"]
[GameId "2276814096795411"]
[EventDate "2026.01.24"]
[WhiteTeam "Agrupacion B"]
[BlackTeam "ONCE C A Aragon Delicias B"]

1. Nf3 Nc6 2. c4 e5 3. Nc3 Bc5 4. e3 d6 5. d4 exd4 6. exd4 Bb4 7. Bg5 Nge7 8. d5 Ne5 9. Qa4+ N5c6 10. dxc6 Bxc3+ 11. bxc3 bxc6 12. Be2 Bd7 13. c5 f6 14. Bd2 Nd5 15. O-O h5 16. Qe4+ Qe7 17. Qg6+ Qf7 18. Bd3 Ne7 19. Qg3 g5 20. h4 gxh4 21. Qxh4 Rg8 22. Rfe1 Rg4 23. Qh2 O-O-O 24. Ba6+ Kb8 25. Rab1+ Ka8 26. Bb7+ 1-0

[Event "Ctopor Equipos de Aragon  Preferente II "]
[Site "?"]
[Date "2026.01.31"]
[Round "2.57"]
[White "Galve Guinea, Alejandro"]
[Black "Romo Ramirez, Antonio"]
[Result "1/2-1/2"]
[WhiteElo "1958"]
[BlackElo "1968"]
[PlyCount "124"]
[GameId "2276814096803604"]
[EventDate "2026.01.24"]
[WhiteTeam "El Olivar C"]
[BlackTeam "Teruel B"]

1. Nf3 g6 2. c4 Bg7 3. Nc3 d6 4. e4 c6 5. d4 Bg4 6. Be3 Bxf3 7. gxf3 Nd7 8. Qd2 a6 9. Rd1 Ngf6 10. Be2 O-O 11. f4 b5 12. e5 Ne8 13. cxb5 cxb5 14. Bf3 Rc8 15. Bb7 Rb8 16. Bxa6 Qa5 17. Bxb5 Rxb5 18. Nxb5 Qxb5 19. Qe2 Qb4+ 20. Rd2 Nc7 21. O-O Nd5 22. Rc1 Bh6 23. Qc4 Qxc4 24. Rxc4 Bxf4 25. Bxf4 Nxf4 26. Rc7 Rd8 27. exd6 exd6 28. Rdc2 Kf8 29. Rc8 Ke7 30. Rxd8 Kxd8 31. a4 Nb8 32. b4 Kd7 33. b5 Nd5 34. a5 Nc7 35. Rb2 Kc8 36. a6 Nd7 37. Kg2 Kb8 38. Re2 Ne6 39. Kf1 Nb6 40. Ke1 Nd5 41. Kd2 Ka7 42. Re4 Kb6 43. Rh4 h5 44. Re4 Kxb5 45. a7 Nec7 46. Re8 Nb6 47. Re7 Nbd5 48. Rxf7 Ka6 49. Rg7 Kxa7 50. Rxg6 Ne8 51. Re6 Ndf6 52. Kc3 Kb6 53. Kc4 Kc6 54. f3 Kd7 55. Re2 Nc7 56. Ra2 Ke6 57. Ra5 Ncd5 58. Rb5 Ne3+ 59. Kd3 Ned5 60. Ra5 Nf4+ 61. Ke3 N4d5+ 62. Kd3 Nf4+ 1/2-1/2

[Event "Ctopor Equipos de Aragon  Preferente II "]
[Site "?"]
[Date "2026.01.31"]
[Round "2.58"]
[White "Navarro Remon, Mario"]
[Black "Lavilla Castano, Julian"]
[Result "0-1"]
[WhiteElo "1916"]
[BlackElo "1867"]
[PlyCount "78"]
[GameId "2276814096807701"]
[EventDate "2026.01.24"]
[WhiteTeam "Teruel B"]
[BlackTeam "El Olivar C"]

1. d4 Nf6 2. Bf4 g6 3. e3 Bg7 4. Bd3 O-O 5. Nd2 d6 6. h3 Nc6 7. c3 e5 8. Bg5 Re8 9. d5 Ne7 10. e4 h6 11. Bxf6 Bxf6 12. Ne2 Bd7 13. g4 c6 14. dxc6 bxc6 15. Ng3 d5 16. O-O Be6 17. Nb3 Qb6 18. Qe2 a5 19. Qe3 d4 20. cxd4 Bg5 21. Qe2 Bxb3 22. axb3 Bf4 23. Kg2 Qxd4 24. Bc4 Qb6 25. Qf3 Red8 26. Ne2 Qc7 27. Rfd1 Kg7 28. Nxf4 exf4 29. Qc3+ f6 30. h4 g5 31. hxg5 hxg5 32. Rxd8 Rxd8 33. Rxa5 f3+ 34. Kg1 Qf4 35. Rxg5+ Qxg5 36. Qxf3 Ng6 37. Qg3 Rd1+ 38. Bf1 Qf4 39. Qh3 Ne5 0-1

[Event "Ctopor Equipos de Aragon  Preferente II "]
[Site "?"]
[Date "2026.01.31"]
[Round "2.59"]
[White "De La Riva Fernandez, Eduardo"]
[Black "Abancens Fernandez, Bernardo"]
[Result "1/2-1/2"]
[WhiteElo "1862"]
[BlackElo "1840"]
[PlyCount "103"]
[GameId "2276814096815894"]
[EventDate "2026.01.24"]
[WhiteTeam "El Olivar C"]
[BlackTeam "Teruel B"]

1. e4 c5 2. Nf3 Nc6 3. d4 cxd4 4. Nxd4 Nf6 5. Nc3 e5 6. Ndb5 d6 7. Bg5 a6 8. Bxf6 gxf6 9. Na3 b5 10. Nd5 Bg7 11. c3 Ne7 12. Nc2 Nxd5 13. Qxd5 Be6 14. Qc6+ Ke7 15. Nb4 Qc8 16. Nd5+ Bxd5 17. Qxd5 Qc5 18. Qb7+ Ke6 19. Be2 h5 20. Rd1 Ra7 21. Qd5+ Qxd5 22. Rxd5 Rc7 23. O-O Rc5 24. Rfd1 Rxd5 25. Rxd5 f5 26. f3 fxe4 27. fxe4 f5 28. Bf3 fxe4 29. Bxe4 Rd8 30. h4 Rf8 31. Rd3 Rf4 32. Bd5+ Ke7 33. g3 Rf8 34. Kg2 Bh6 35. Rf3 Rf6 36. Rxf6 Kxf6 37. Kf3 Bc1 38. b3 Bd2 39. c4 bxc4 40. Bxc4 a5 41. Bd5 Be1 42. a3 Kg6 43. Kg2 Kf6 44. Kf3 Kg6 45. g4 Bxh4 46. gxh5+ Kxh5 47. b4 axb4 48. axb4 Bd8 49. Ke4 Kg5 50. Bc4 Kf6 51. Kd5 Ke7 52. Bb5 1/2-1/2

[Event "Ctopor Equipos de Aragon  Preferente II "]
[Site "?"]
[Date "2026.01.31"]
[Round "2.60"]
[White "Alonso Roche, Cesar"]
[Black "Marco Garcia, Francho"]
[Result "1/2-1/2"]
[WhiteElo "1676"]
[BlackElo "1800"]
[PlyCount "154"]
[GameId "2276814096824087"]
[EventDate "2026.01.24"]
[WhiteTeam "Teruel B"]
[BlackTeam "El Olivar C"]

1. e4 c6 2. f4 d5 3. d3 e6 4. Nf3 Bc5 5. e5 Ne7 6. d4 Bb6 7. Bd3 c5 8. c3 Nbc6 9. Be3 cxd4 10. Nxd4 Nxd4 11. cxd4 Nc6 12. Bb5 Qh4+ 13. g3 Qe7 14. Bxc6+ bxc6 15. O-O O-O 16. Nc3 Qb4 17. Na4 Ba6 18. Nxb6 axb6 19. Rf2 Bc4 20. b3 Bb5 21. Qd2 Qe7 22. a4 Ba6 23. Qc2 Bb7 24. f5 exf5 25. Qxf5 Bc8 26. Qc2 Bd7 27. Qc3 Rfc8 28. Rc1 Rc7 29. Bf4 Be6 30. Be3 Rac8 31. b4 Bd7 32. a5 bxa5 33. bxa5 Ra8 34. Ra1 Rca7 35. Rb2 Qd8 36. Bd2 Qc7 37. Qc5 Ra6 38. Rab1 R6a7 39. Rb6 h6 40. Qc1 Rc8 41. Bb4 Bf5 42. Rb2 c5 43. dxc5 Qxe5 44. Bd2 Qd4+ 45. Be3 Qa4 46. Rb8 Ra8 47. Rxa8 Rxa8 48. c6 Qxa5 49. c7 Rc8 50. Rb8 Qa6 51. Qf1 Qxf1+ 52. Kxf1 Kf8 53. Bc5+ Ke8 54. Bd4 g6 55. Bf6 Kd7 56. Bd8 d4 57. Ke2 d3+ 58. Kd2 h5 59. Ke3 Kc6 60. Rb3 Kd7 61. Rb2 Kc6 62. Kd4 Kd6 63. Rb6+ Kd7 64. Ke5 Ke8 65. Rd6 Ra8 66. Bg5 Bd7 67. Rxd3 Ra5+ 68. Kf6 Ra6+ 69. Kg7 Rc6 70. Re3+ Be6 71. Bd8 Kd7 72. Kf8 Kc8 73. Re2 Kd7 74. Rb2 Bc4 75. Rd2+ Kc8 76. Ke7 Re6+ 77. Kf8 Rc6 1/2-1/2

[Event "Ctopor Equipos de Aragon  Preferente II "]
[Site "?"]
[Date "2026.01.31"]
[Round "2.61"]
[White "Pallares Jover, Adrian"]
[Black "Lopez Caudevilla, David"]
[Result "1/2-1/2"]
[WhiteElo "2076"]
[BlackElo "2206"]
[PlyCount "147"]
[GameId "2276814096832280"]
[EventDate "2026.01.24"]
[WhiteTeam "Aulazenter B"]
[BlackTeam "Actur Rey Fernando"]

1. e4 c5 2. Nf3 Nc6 3. c3 d5 4. exd5 Qxd5 5. d4 Bg4 6. Be2 cxd4 7. cxd4 e6 8. Nc3 Qd7 9. Be3 Nf6 10. Ne5 Bxe2 11. Qxe2 Qc7 12. Qf3 Bd6 13. Nxc6 bxc6 14. Rc1 O-O 15. h4 c5 16. O-O cxd4 17. Bxd4 Qe7 18. Nb5 Nd7 19. Rfd1 Be5 20. Bxa7 Qxh4 21. g3 Qa4 22. Qe2 Rxa7 23. Nxa7 Qxa7 24. Rxd7 Qxd7 25. Qxe5 f6 26. Qe3 Qd5 27. a3 f5 28. Qg5 h6 29. Qg6 f4 30. gxf4 Qd2 31. Qxe6+ Kh7 32. Qe4+ Kh8 33. Qe3 Qxb2 34. Rc7 Qb1+ 35. Kh2 Qf5 36. Qg3 Qh5+ 37. Kg2 Qd5+ 38. Kh2 Qd4 39. Qe3 Qd6 40. Qe5 Qg6 41. Rc5 Qg4 42. Qe3 Rxf4 43. Qg3 Qf3 44. Rc8+ Kh7 45. Qxf3 Rxf3 46. Kg2 Rxa3 47. Rc6 h5 48. Rb6 g6 49. Rb4 Kh6 50. Rc4 Ra5 51. Rb4 Kg5 52. Kg3 Ra3+ 53. Kg2 h4 54. Rb5+ Kh6 55. Rb4 Kh5 56. f3 g5 57. Rb6 Ra7 58. Rf6 Rg7 59. Kh3 Rg6 60. Rf8 Rb6 61. Rf5 Rb3 62. Kh2 Kg6 63. Rf8 Rb6 64. Kg2 Rb5 65. Rc8 Kf5 66. Rf8+ Ke5 67. Re8+ Kd4 68. Rd8+ Rd5 69. Rg8 Re5 70. f4 h3+ 71. Kf3 Re1 72. Rd8+ Kc5 73. Rd2 Rf1+ 74. Kg3 1/2-1/2

[Event "Ctopor Equipos de Aragon  Preferente II "]
[Site "?"]
[Date "2026.01.31"]
[Round "2.62"]
[White "Perez Puyal, Jose Joaquin"]
[Black "Osuna Smyshlyayev, Ivan"]
[Result "0-1"]
[WhiteElo "1934"]
[BlackElo "1934"]
[PlyCount "97"]
[GameId "2276814096836377"]
[EventDate "2026.01.24"]
[WhiteTeam "Actur Rey Fernando"]
[BlackTeam "Aulazenter B"]

1. d4 d5 2. Nf3 Nf6 3. e3 Bf5 4. c4 e6 5. Qb3 Qc8 6. Nc3 c6 7. Nh4 Bg6 8. Nxg6 hxg6 9. g3 Nbd7 10. cxd5 exd5 11. Bg2 Nb6 12. Qc2 Qe6 13. b3 Bb4 14. Bb2 Bxc3+ 15. Bxc3 Ne4 16. Bb4 f5 17. h4 Kd7 18. Bxe4 Qxe4 19. Qxe4 dxe4 20. Ke2 Nd5 21. Bd2 Rh5 22. a4 Rah8 23. Rhb1 g5 24. hxg5 Rxg5 25. Rh1 Rgh5 26. Rxh5 Rxh5 27. b4 a6 28. b5 cxb5 29. axb5 Rh6 30. bxa6 Rxa6 31. Rxa6 bxa6 32. Kd1 Kc6 33. Kc2 Kb5 34. Kb3 a5 35. Be1 g6 36. Ka3 Nb6 37. Bc3 g5 38. Kb3 a4+ 39. Ka3 g4 40. Be1 Nc8 41. Bb4 Nb6 42. Bc5 Nc4+ 43. Ka2 Nd2 44. Be7 Nb3 45. d5 Nc1+ 46. Ka3 Nd3 47. Bg5 Nxf2 48. Bf4 Nd3 49. Bc7 0-1

[Event "Ctopor Equipos de Aragon  Preferente II "]
[Site "?"]
[Date "2026.01.31"]
[Round "2.63"]
[White "Ania Chueca, Mario"]
[Black "Garcia Alvarez, Sergio"]
[Result "1-0"]
[WhiteElo "1891"]
[BlackElo "1865"]
[PlyCount "73"]
[GameId "2276814096844570"]
[EventDate "2026.01.24"]
[WhiteTeam "Aulazenter B"]
[BlackTeam "Actur Rey Fernando"]

1. e4 c5 2. Nc3 Nc6 3. Bb5 Nd4 4. Bc4 e6 5. Nge2 Ne7 6. Nxd4 cxd4 7. Ne2 Nc6 8. O-O Bc5 9. Nf4 O-O 10. d3 Na5 11. Qh5 Be7 12. Rd1 b6 13. Ne2 Bb7 14. e5 Qc7 15. h3 Nxc4 16. dxc4 Qxc4 17. Rxd4 Qxc2 18. Qg4 f5 19. exf6 Rxf6 20. Bg5 Rg6 21. h4 e5 22. Rxd7 Bxg5 23. hxg5 Ba6 24. Rad1 h6 25. Qf3 Bxe2 26. Qxa8+ Kh7 27. Rd8 Rxg5 28. Rh8+ Kg6 29. Qe8+ Kf5 30. Qd7+ Kf4 31. g3+ Ke4 32. Qb7+ Kf5 33. Rf8+ Kg4 34. Qd7+ Kh5 35. Rd2 Qe4 36. Rd6 Bf3 37. Qh3+ 1-0

[Event "Ctopor Equipos de Aragon  Preferente II "]
[Site "?"]
[Date "2026.01.31"]
[Round "2.64"]
[White "Villalba Abad, David"]
[Black "Vega Cieloszyk, Diego Piotr"]
[Result "1/2-1/2"]
[WhiteElo "1831"]
[BlackElo "1755"]
[PlyCount "141"]
[GameId "2276814096852763"]
[EventDate "2026.01.24"]
[WhiteTeam "Actur Rey Fernando"]
[BlackTeam "Aulazenter B"]

1. c4 e6 2. g3 d5 3. cxd5 exd5 4. Bg2 Nf6 5. Nf3 c6 6. O-O Bd6 7. b3 Bf5 8. Bb2 Nbd7 9. d3 Qc7 10. Nbd2 O-O 11. Nd4 Bg4 12. N2f3 a6 13. h3 Bh5 14. Nf5 Rfe8 15. Nxd6 Qxd6 16. g4 Bg6 17. Nh4 d4 18. Nf3 c5 19. Nh4 Nd5 20. Nxg6 hxg6 21. Bxd5 Qxd5 22. Qd2 Ne5 23. Rae1 Rad8 24. f4 Nc6 25. Rf3 b6 26. e4 dxe3 27. Rfxe3 Rxe3 28. Rxe3 Nb4 29. Qc3 f6 30. Re7 Qd4+ 31. Qxd4 cxd4 32. Re4 Nxd3 33. Bxd4 b5 34. Bf2 Rd6 35. Bg3 Nc1 36. f5 Rd1+ 37. Kf2 Rd2+ 38. Kf3 gxf5 39. gxf5 Rxa2 40. b4 Rb2 41. Bd6 Nd3 42. h4 Rb3 43. Re8+ Kh7 44. Kg4 Nxb4 45. h5 Nd5 46. h6 gxh6 47. Ra8 Rb1 48. Ra7+ Kg8 49. Ra8+ Kf7 50. Ra7+ Ke8 51. Rxa6 Rf1 52. Bc5 h5+ 53. Kxh5 Rxf5+ 54. Kg6 Rg5+ 55. Kh6 Kf7 56. Bd4 Rg4 57. Ra7+ Ne7 58. Bf2 Rg2 59. Bh4 Rh2 60. Kh5 Ke6 61. Ra6+ Ke5 62. Kg4 Rg2+ 63. Kf3 Rg6 64. Rb6 Nd5 65. Rxb5 Rh6 66. Bg3+ Kd4 67. Ra5 Rh1 68. Bf2+ Ke5 69. Bg3+ Ke6 70. Ra6+ Kf5 71. Ra5 1/2-1/2

[Event "Ctopor Equipos de Aragon  Preferente II "]
[Site "?"]
[Date "2026.01.31"]
[Round "2.65"]
[White "Sancho Cortes, Miguel Angel"]
[Black "Perez Tomas, Juan Manuel"]
[Result "1-0"]
[WhiteElo "2023"]
[BlackElo "2001"]
[PlyCount "135"]
[GameId "2276814096856860"]
[EventDate "2026.01.24"]
[WhiteTeam "Iberajedrez Mundo 64 B"]
[BlackTeam "Marcos Frechin B"]

1. d4 d5 2. Nc3 e6 3. Nf3 Nf6 4. Bf4 a6 5. e3 c5 6. Bd3 c4 7. Be2 b5 8. a3 Bb7 9. Ne5 Nbd7 10. g4 Nxe5 11. Bxe5 Nd7 12. Bg3 Be7 13. Bf3 Nf6 14. h4 Qb6 15. g5 Ne4 16. Bxe4 dxe4 17. Qg4 b4 18. axb4 Qxb4 19. O-O Bc6 20. Ra2 Qb7 21. Be5 O-O 22. h5 Bxg5 23. Bxg7 f5 24. Qxg5 Qxg7 25. Qxg7+ Kxg7 26. Rfa1 Bb7 27. Ne2 Kf7 28. Nf4 Rg8+ 29. Kf1 Rac8 30. Ra4 c3 31. Rb4 Bc6 32. Rxa6 Rb8 33. Ra7+ Kf6 34. bxc3 Rxb4 35. cxb4 Bb5+ 36. Ke1 Rg1+ 37. Kd2 Rf1 38. Rxh7 Rxf2+ 39. Kc1 Rf3 40. Rh6+ Kf7 41. Nxe6 Rxe3 42. d5 Re1+ 43. Kd2 Re2+ 44. Kc1 e3 45. Nd4 Re1+ 46. Kb2 Rd1 47. Nxf5 e2 48. Re6 e1=Q 49. Rxe1 Rxe1 50. Nd6+ Ke7 51. Nxb5 Re5 52. c4 Rxh5 53. Kb3 Kd7 54. Nc3 Rh6 55. c5 Rh4 56. Ka4 Kc7 57. Kb5 Kb7 58. Na4 Kc7 59. Nb6 Rh5 60. d6+ Kb7 61. Nc4 Rg5 62. Na5+ Kc8 63. Kc6 Rg7 64. Nc4 Rh7 65. b5 Rg7 66. b6 Rh7 67. d7+ Rxd7 68. b7+ 1-0

[Event "Ctopor Equipos de Aragon  Preferente II "]
[Site "?"]
[Date "2026.01.31"]
[Round "2.66"]
[White "Jario Dominguez, Diego"]
[Black "Jimenez Fernandez, Alejandro"]
[Result "1-0"]
[WhiteElo "1956"]
[BlackElo "1965"]
[PlyCount "57"]
[GameId "2276814096865053"]
[EventDate "2026.01.24"]
[WhiteTeam "Marcos Frechin B"]
[BlackTeam "Iberajedrez Mundo 64 B"]

1. c4 e5 2. Nc3 Nc6 3. g3 g6 4. Bg2 Bg7 5. e4 d6 6. Nge2 Nge7 7. O-O O-O 8. d3 Be6 9. Nd5 Qd7 10. f4 Bg4 11. Nxe7+ Qxe7 12. h3 Bxe2 13. Qxe2 exf4 14. Bxf4 Qf6 15. Kh2 Qd4 16. Rad1 Rab8 17. Rf2 a5 18. Be3 Qe5 19. d4 Qe7 20. Qd2 Rbe8 21. Rdf1 Qd7 22. b3 b6 23. h4 f6 24. a3 Re7 25. h5 Qg4 26. e5 Qxh5+ 27. Kg1 Nxe5 28. dxe5 fxe5 29. Bd5+ 1-0

[Event "Ctopor Equipos de Aragon  Preferente II "]
[Site "?"]
[Date "2026.01.31"]
[Round "2.67"]
[White "Barranco Castillo, Jose Antonio"]
[Black "Jario Garcia, Ricardo"]
[Result "1/2-1/2"]
[WhiteElo "1850"]
[BlackElo "1956"]
[PlyCount "40"]
[GameId "2276814096873246"]
[EventDate "2026.01.24"]
[WhiteTeam "Iberajedrez Mundo 64 B"]
[BlackTeam "Marcos Frechin B"]

1. c4 Nf6 2. g3 e6 3. Bg2 d5 4. Nf3 Bd6 5. O-O O-O 6. d4 c6 7. Qc2 Nbd7 8. Rd1 Qe7 9. Nc3 dxc4 10. Bg5 h6 11. Bxf6 Nxf6 12. Ne4 Nxe4 13. Qxe4 b5 14. a4 Bb7 15. Ne5 Rab8 16. Nxc6 Bxc6 17. Qxc6 Rfc8 18. Qa6 b4 19. Rac1 Qc7 20. Be4 c3 1/2-1/2